书目信息 |
| 题名: |
金属雕塑艺术语言赏析
|
|
| 作者: | 李怀杰 著 | |
| 分册: | ||
| 出版信息: | 北京 新华出版社 2020 |
|
| 页数: | 200页 | |
| 开本: | 24cm | |
| 丛书名: | ||
| 单 册: | ||
| 中图分类: | J314.4 , J31 | |
| 科图分类: | ||
| 主题词: | 金属雕刻--雕塑技法 | |
| 电子资源: | ||
| ISBN: | 978-7-5166-5350-0 | |
| 000 | 00900nam0 2200229 450 | |
| 001 | 2351998741 | |
| 005 | 20231017142655.63 | |
| 010 | @a978-7-5166-5350-0@dCNY50.00 | |
| 100 | @a20210331d2020 em y0chiy50 ea | |
| 101 | 0 | @achi |
| 102 | @aCN@b110000 | |
| 105 | @aa z 000yy | |
| 200 | 1 | @a金属雕塑艺术语言赏析@Ajin shu diao su yi shu yu yan shang xi@f李怀杰著 |
| 210 | @a北京@c新华出版社@d2020 | |
| 215 | @a200页@c图@d24cm | |
| 330 | @a本书共五章,第一、二章介绍金属雕塑艺术语言概况和历史演变。第三、四、五章分别从传统、现代、后现代三个时间维度划分金属雕塑艺术语言的鉴赏方法,从中国传统美学、现代主义美学、西方后现代主义三个层面感受金属雕塑艺术语言的魅力,思考金属雕塑艺术语言的不足和发展趋势。 | |
| 606 | 0 | @a金属雕刻@x雕塑技法 |
| 690 | @aJ314.4@v5 | |
| 690 | @aJ31@v4 | |
| 701 | 0 | @a李怀杰@Ali huai jie@4著 |
| 801 | 0 | @aCN@b大连网信软件有限公司图书馆·11@c20231017 |
| 905 | @aZUCC@dJ31@e4 | |
| 金属雕塑艺术语言赏析/李怀杰著.-北京:新华出版社,2020 |
| 200页:图;24cm |
| ISBN 978-7-5166-5350-0:CNY50.00 |
| 本书共五章,第一、二章介绍金属雕塑艺术语言概况和历史演变。第三、四、五章分别从传统、现代、后现代三个时间维度划分金属雕塑艺术语言的鉴赏方法,从中国传统美学、现代主义美学、西方后现代主义三个层面感受金属雕塑艺术语言的魅力,思考金属雕塑艺术语言的不足和发展趋势。 |
| ● |
| 相关链接 |
|
|
|
正题名:金属雕塑艺术语言赏析
索取号:J31/4
 
预约/预借
| 序号 | 登录号 | 条形码 | 馆藏地/架位号 | 状态 | 备注 |
| 1 | 2001029631 | 2001029631 | 第四书库/四35架B面1层6列/ [索取号:J31/4] | 在馆 | |
| 2 | 2001029632 | 2001029632 | 第四书库/四35架B面1层6列/ [索取号:J31/4] | 在馆 | |
| 3 | 2001029633 | 2001029633 | 第四书库/四35架B面1层6列/ [索取号:J31/4] | 在馆 | |
| 4 | 2001029634 | 2001029634 | 第四书库/四35架B面1层6列/ [索取号:J31/4] | 在馆 | |
| 5 | 2001029635 | 2001029635 | 第四书库/四35架B面1层6列/ [索取号:J31/4] | 在馆 | |
| 6 | 2001029636 | 2001029636 | 第四书库/四35架B面1层6列/ [索取号:J31/4] | 在馆 |